Statistics for Top 25 Wide Receivers of All Time

Click here to take the quiz!

General Stats

  • This quiz has been taken 181 times
  • The average score is 10 of 25

Answer Stats

RankAnswer% Correct
1Jerry Rice
98%
2Randy Moss
86%
7Terrell Owens
75%
14Tim Brown
68%
8Michael Irvin
66%
3Cris Carter
64%
4Marvin Harrison
64%
21Jimmy Smith
60%
9Steve Largent
52%
24Larry Fitzgerald
51%
5Issac Bruce
47%
10Andre Reed
46%
15Art Monk
40%
22Hines Ward
34%
20Sterling Sharpe
31%
6Don Hutson
25%
11James Lofton
25%
16Lance Alworth
25%
19Charley Taylor
20%
13Don Maynard
16%
17Paul Warfield
16%
12Raymond Berry
15%
23Henry Ellard
12%
18Charlie Joiner
9%
25Wes Chandler
4%

Score Distribution

Percentile by Number Answered

Percent of People with Each Score

Your Score History

You have not taken this quiz